<?xml version='1.0' encoding='UTF-8'?>
  <record xmlns="http://www.loc.gov/MARC21/slim">
    <leader>00000cam a22000007i 4500</leader>
    <controlfield tag="001">ocn808668553</controlfield>
    <controlfield tag="003">OCoLC</controlfield>
    <controlfield tag="005">20251016191318.4</controlfield>
    <controlfield tag="008">040109s1531    gw            000 0 grc d</controlfield>
    <datafield tag="010" ind1=" " ind2=" ">
      <subfield code="a">   33000675 </subfield>
    </datafield>
    <datafield tag="040" ind1=" " ind2=" ">
      <subfield code="a">EMI</subfield>
      <subfield code="b">eng</subfield>
      <subfield code="e">rda</subfield>
      <subfield code="e">dcrmr</subfield>
      <subfield code="c">EMI</subfield>
      <subfield code="d">OCLCF</subfield>
      <subfield code="d">OCLCQ</subfield>
      <subfield code="d">OCLCO</subfield>
      <subfield code="d">QGJ</subfield>
      <subfield code="d">OCLCL</subfield>
      <subfield code="d">QGJ</subfield>
      <subfield code="d">OCLCL</subfield>
      <subfield code="d">QGJ</subfield>
      <subfield code="d">OCLCO</subfield>
    </datafield>
    <datafield tag="066" ind1=" " ind2=" ">
      <subfield code="c">(S</subfield>
    </datafield>
    <datafield tag="035" ind1=" " ind2=" ">
      <subfield code="a">(OCoLC)808668553</subfield>
    </datafield>
    <datafield tag="041" ind1="1" ind2=" ">
      <subfield code="a">grc</subfield>
      <subfield code="a">lat</subfield>
      <subfield code="h">grc</subfield>
    </datafield>
    <datafield tag="050" ind1=" " ind2="4">
      <subfield code="a">KJA147</subfield>
      <subfield code="b">.C67 1531</subfield>
    </datafield>
    <datafield tag="130" ind1="0" ind2=" ">
      <subfield code="a">Novellae constitutiones.</subfield>
    </datafield>
    <datafield tag="245" ind1="1" ind2="0">
      <subfield code="6">880-01</subfield>
      <subfield code="a">Nearōn Ioustinianou basileōs, tōn en tō nun heuriskomenōn, kai hōs heuriskontai biblion. :</subfield>
      <subfield code="b">Prostetheintai de kai hoi kanones tōn hagiōn apostolōn dia Klēmentos athroisthentes. = Nouellarum constitutionum Dn. Iustiniani principis, quae exstant, et ut exstant, volumen. Appositi sunt item Canones sanctoru[m] Apostoloru[m] per Clementem in unu[m] congesti. /</subfield>
      <subfield code="c">Gregorio Haloandro interprete. Omnia cum authoritate D. Caroli. V. Romanorum imp. &amp; Aug. id, quod exemplum priuilegij à tergo subiectum clarum faciet.</subfield>
    </datafield>
    <datafield tag="246" ind1="3" ind2="0">
      <subfield code="a">Novellarvm constitvtionvm dn. Ivstiniani principis, qvae exstant, et vt exstant, volvmen. :</subfield>
      <subfield code="b">Appositi sunt item Canones sanctoru[m] Apostoloru[m] per Clementem in unu[m] congesti</subfield>
    </datafield>
    <datafield tag="246" ind1="3" ind2=" ">
      <subfield code="a">Novellarum constitutionum dn. Iustiniani principis, quae exstant, et ut exstant, volumen</subfield>
    </datafield>
    <datafield tag="264" ind1=" " ind2="1">
      <subfield code="a">Norembergae, siue in castro Norico, :</subfield>
      <subfield code="b">Apud Io. Petreium.,</subfield>
      <subfield code="c">Anno domini M.D.XXXI. [1531]</subfield>
    </datafield>
    <datafield tag="300" ind1=" " ind2=" ">
      <subfield code="a">[16], 224 [that is 234], [10], 263, [5] pages ;</subfield>
      <subfield code="c">33 cm (folio)</subfield>
    </datafield>
    <datafield tag="336" ind1=" " ind2=" ">
      <subfield code="a">text</subfield>
      <subfield code="b">txt</subfield>
      <subfield code="2">rdacontent</subfield>
    </datafield>
    <datafield tag="337" ind1=" " ind2=" ">
      <subfield code="a">unmediated</subfield>
      <subfield code="b">n</subfield>
      <subfield code="2">rdamedia</subfield>
    </datafield>
    <datafield tag="338" ind1=" " ind2=" ">
      <subfield code="a">volume</subfield>
      <subfield code="b">nc</subfield>
      <subfield code="2">rdacarrier</subfield>
    </datafield>
    <datafield tag="340" ind1=" " ind2=" ">
      <subfield code="m">folio</subfield>
      <subfield code="2">rdabf</subfield>
    </datafield>
    <datafield tag="500" ind1=" " ind2=" ">
      <subfield code="a">Contains initials.</subfield>
    </datafield>
    <datafield tag="500" ind1=" " ind2=" ">
      <subfield code="a">Errata: ²K4v-K5v.</subfield>
    </datafield>
    <datafield tag="500" ind1=" " ind2=" ">
      <subfield code="a">Colophon (²K4r): Norimbergae excudebat Ioan. Petreius typographus et bibliopola ibidem, Anno Domini M.D. XXXI.</subfield>
    </datafield>
    <datafield tag="500" ind1=" " ind2=" ">
      <subfield code="a">Colophon (at end of Latin text) reads: Norimbergae excvdebat Ioan. Petreivs typographvs et bibliopola ibidem, Anno Domini M. DXXXI.</subfield>
    </datafield>
    <datafield tag="500" ind1=" " ind2=" ">
      <subfield code="6">880-02</subfield>
      <subfield code="a">With dedication from Gregor Haloander to the decurionum ordo reipub. Nurembergens (Nuremberg).</subfield>
    </datafield>
    <datafield tag="500" ind1=" " ind2=" ">
      <subfield code="a">With Greek and Latin tables of contents.</subfield>
    </datafield>
    <datafield tag="510" ind1="4" ind2=" ">
      <subfield code="a">Panzer, G.W.F. Annales typographici</subfield>
      <subfield code="c">284 (vol 7, p. 478)</subfield>
    </datafield>
    <datafield tag="510" ind1="4" ind2=" ">
      <subfield code="a">Verzeichnis der im deutschen Sprachbereich erschienenen Drucke des 16. Jahrhunderts (VD 16),</subfield>
      <subfield code="c">C 5261</subfield>
      <subfield code="u">https://gateway-bayern.de/VD16+C+5261</subfield>
    </datafield>
    <datafield tag="546" ind1=" " ind2=" ">
      <subfield code="a">Greek and Latin. Texts originally in Greek.</subfield>
    </datafield>
    <datafield tag="650" ind1=" " ind2="0">
      <subfield code="a">Roman law.</subfield>
    </datafield>
    <datafield tag="650" ind1=" " ind2="6">
      <subfield code="a">Droit romain.</subfield>
    </datafield>
    <datafield tag="650" ind1=" " ind2="7">
      <subfield code="a">Roman law</subfield>
      <subfield code="2">fast</subfield>
    </datafield>
    <datafield tag="700" ind1="1" ind2=" ">
      <subfield code="a">Haloander, Gregor,</subfield>
      <subfield code="d">1501-1531,</subfield>
      <subfield code="e">editor,</subfield>
      <subfield code="e">translator.</subfield>
      <subfield code="4">edt</subfield>
      <subfield code="4">trl</subfield>
      <subfield code="1">https://id.oclc.org/worldcat/entity/E39PBJwdh6XX4pKkkCKFC8gHYP</subfield>
    </datafield>
    <datafield tag="700" ind1="1" ind2=" ">
      <subfield code="a">Petrejus, Johannes,</subfield>
      <subfield code="d">1497-1550,</subfield>
      <subfield code="e">printer.</subfield>
      <subfield code="4">prt</subfield>
      <subfield code="1">https://id.oclc.org/worldcat/entity/E39PBJbRf4V3DT3h9MmX7m3mh3</subfield>
    </datafield>
    <datafield tag="700" ind1="0" ind2=" ">
      <subfield code="a">Clement</subfield>
      <subfield code="b">I,</subfield>
      <subfield code="c">Pope,</subfield>
      <subfield code="e">attributed name.</subfield>
      <subfield code="4">att</subfield>
      <subfield code="1">https://id.oclc.org/worldcat/entity/E39PBJymy49R7ttbbYY7TwtqcP</subfield>
    </datafield>
    <datafield tag="700" ind1="0" ind2=" ">
      <subfield code="a">Justinian</subfield>
      <subfield code="b">I,</subfield>
      <subfield code="c">Emperor of the East,</subfield>
      <subfield code="d">483?-565,</subfield>
      <subfield code="e">patron.</subfield>
      <subfield code="4">pat</subfield>
      <subfield code="1">https://id.oclc.org/worldcat/entity/E39PBJrRdBgkbwcFrCx3Rjrpfq</subfield>
    </datafield>
    <datafield tag="700" ind1="0" ind2=" ">
      <subfield code="a">Charles</subfield>
      <subfield code="b">V,</subfield>
      <subfield code="c">Holy Roman Emperor,</subfield>
      <subfield code="d">1500-1558,</subfield>
      <subfield code="e">censor.</subfield>
      <subfield code="4">cns</subfield>
      <subfield code="1">https://id.oclc.org/worldcat/entity/E39PBJrrtb7QxXCFgdVBT4dmh3</subfield>
    </datafield>
    <datafield tag="700" ind1="0" ind2=" ">
      <subfield code="a">Albrecht,</subfield>
      <subfield code="c">of Brandenburg, Archbishop and Elector of Mainz, Cardinal,</subfield>
      <subfield code="d">1490-1545,</subfield>
      <subfield code="e">censor.</subfield>
      <subfield code="4">cns</subfield>
      <subfield code="1">https://id.oclc.org/worldcat/entity/E39PBJpPGJY8rw4QXWKhyY8pyd</subfield>
    </datafield>
    <datafield tag="700" ind1="1" ind2=" ">
      <subfield code="a">Schweiss, Alexander von,</subfield>
      <subfield code="d">-1536,</subfield>
      <subfield code="e">licensor.</subfield>
      <subfield code="4">lso</subfield>
    </datafield>
    <datafield tag="730" ind1="0" ind2="2">
      <subfield code="i">Container of (expression):</subfield>
      <subfield code="a">Novellae constitutiones.</subfield>
      <subfield code="l">Latin.</subfield>
      <subfield code="s">(Haloander)</subfield>
    </datafield>
    <datafield tag="730" ind1="0" ind2="2">
      <subfield code="i">Container of (expression):</subfield>
      <subfield code="a">Apostolic canons.</subfield>
      <subfield code="l">Latin.</subfield>
    </datafield>
    <datafield tag="730" ind1="0" ind2="2">
      <subfield code="i">Container of (work):</subfield>
      <subfield code="a">Apostolic canons.</subfield>
    </datafield>
    <datafield tag="752" ind1=" " ind2=" ">
      <subfield code="a">Germany</subfield>
      <subfield code="d">Nuremberg,</subfield>
      <subfield code="e">publication place.</subfield>
      <subfield code="4">pup</subfield>
    </datafield>
    <datafield tag="880" ind1="1" ind2="0">
      <subfield code="6">245-01/(S</subfield>
      <subfield code="a">Νεαρων ̓Ιουστιανου βασιλεως, των  ̓εν τω νυν  ̔ευρισκομενων, και  ̔ως  ̔ευρισκονται, βιβλιων. :</subfield>
      <subfield code="b">Προστεθεινται δε και  ̔οι κανονες των  ̔αγιων  ̓αποστολων δια Κλεμεντος  ̓αθροισθεντες. = Novellarum constitvtionum Dn. Iustiniani principis, qvae exstant, et vt exstant, volumen. Appositi sunt item Canones sanctorű[m] apostolorű[m] per Clementem in unű[m] congesti. /</subfield>
      <subfield code="c">Gregorio Haloandro interprete. Omnia cum authoritate D. Caroli. V. Romanorum Imp. &amp; Aug. id, quod exemplum priuilegij à tergo subiectum clarum faciet.</subfield>
    </datafield>
    <datafield tag="880" ind1=" " ind2=" ">
      <subfield code="6">500-02/(S</subfield>
      <subfield code="a">Signatures: α⁸ a-z⁴ A-E⁴ F⁶ β⁴ ²a-z⁴ ²A-I⁴ K⁶ ; leaves F6 and K6 blank.</subfield>
    </datafield>
    <datafield tag="880" ind1=" " ind2=" ">
      <subfield code="6">758-00/(S</subfield>
      <subfield code="i">has work:</subfield>
      <subfield code="a">Νεαρων Ιουστιανου βασιλεως, των εν τω νυν ευρισκομενων, και ως ευρισκονται βιβλιων (Text)</subfield>
      <subfield code="1">https://id.oclc.org/worldcat/entity/E39PCGRtb4pRYMJwpFFGQHPqgq</subfield>
      <subfield code="4">https://id.oclc.org/worldcat/ontology/hasWork</subfield>
    </datafield>
  </record>